The method of computer-aided bionic surface modeling in objects design; Современные техника и технологии; Т. 2

Bibliografiske detaljer
Parent link:Современные техника и технологии: сборник трудов XXI международной научной конференции студентов, аспирантов и молодых ученых, Томск, 5-9 октября 2015 г./ Национальный исследовательский Томский политехнический университет (ТПУ).— , 2015
Т. 2.— 2015.— [С. 245-248]
Hovedforfatter: Solovyev R. I. Roman Igorevich
Institution som forfatter: Национальный исследовательский Томский политехнический университет (ТПУ) Институт кибернетики (ИК) Кафедра автоматизации и роботизации в машиностроении (АРМ)
Andre forfattere: Kukhta M. S. Maria Sergeevna, Bouchard C.
Summary:Заглавие с титульного экрана
The research data on the shaping principles in the self-developing natural systems are taken as a basis for creation of a computer-aided system of a specific surface type modeling being the natural system with a common classical, measured structure. The aim is to automate the process of obtaining surfaces and use them to create visual comfortable environments and aesthetic design objects. There have been identified the organization principles of self-developing natural structures on the basis of the mathematical functions. The options of integration between the mathematical representation of the system and its design realization by solid modeling are recommended and based thereon the versions of the design objects are designed. There set up the principles of the visual evaluation of the produced objects.
Sprog:engelsk
Udgivet: 2015
Serier:Design and artistic aspects of engineering
Fag:
Online adgang:http://earchive.tpu.ru/handle/11683/22075
http://www.lib.tpu.ru/fulltext/c/2015/C01/V2/070.pdf
Format: Electronisk Book Chapter
KOHA link:https://koha.lib.tpu.ru/cgi-bin/koha/opac-detail.pl?biblionumber=615253

MARC

LEADER 00000naa2a2200000 4500
001 615253
005 20231227154256.0
035 |a (RuTPU)RU\TPU\conf\13452 
035 |a RU\TPU\conf\13450 
090 |a 615253 
100 |a 20151102d2015 k y0rusy50 ba 
101 0 |a eng 
102 |a RU 
105 |a y z 101zy 
135 |a drcn ---uucaa 
181 0 |a i  
182 0 |a b 
200 1 |a The method of computer-aided bionic surface modeling in objects design  |f R. Solovyev, M. S. Kukhta, C. Bouchard 
203 |a Текст  |c электронный 
225 1 |a Design and artistic aspects of engineering 
300 |a Заглавие с титульного экрана 
320 |a [Библиогр.: с. 248 (10 назв.)] 
330 |a The research data on the shaping principles in the self-developing natural systems are taken as a basis for creation of a computer-aided system of a specific surface type modeling being the natural system with a common classical, measured structure. The aim is to automate the process of obtaining surfaces and use them to create visual comfortable environments and aesthetic design objects. There have been identified the organization principles of self-developing natural structures on the basis of the mathematical functions. The options of integration between the mathematical representation of the system and its design realization by solid modeling are recommended and based thereon the versions of the design objects are designed. There set up the principles of the visual evaluation of the produced objects. 
337 |a Adobe Reader 
461 1 |0 (RuTPU)RU\TPU\conf\13102  |t Современные техника и технологии  |o сборник трудов XXI международной научной конференции студентов, аспирантов и молодых ученых, Томск, 5-9 октября 2015 г.  |o в 2 т.  |f Национальный исследовательский Томский политехнический университет (ТПУ)  |d 2015 
463 0 |0 (RuTPU)RU\TPU\conf\13105  |t Т. 2  |f под ред. А. М. Малышенко [и др.]  |v [С. 245-248]  |d 2015 
610 1 |a труды учёных ТПУ 
610 1 |a электронный ресурс 
610 1 |a визуализация 
610 1 |a моделирование 
610 1 |a математические модели 
610 1 |a компьютерное моделирование 
610 1 |a автоматизированное проектирование 
610 1 |a формообразование 
610 1 |a дизайн 
700 1 |a Solovyev  |b R. I.  |c specialist in the field of engineering graphics and descriptive geometry  |c laboratory assistant of Tomsk Polytechnic University  |f 1990-  |g Roman Igorevich  |3 (RuTPU)RU\TPU\pers\36354 
701 1 |a Kukhta  |b M. S.  |c Specialist in the field of industrial design  |c Professor of Tomsk Polytechnic University, Doctor of philosophical sciences  |f 1963-  |g Maria Sergeevna  |3 (RuTPU)RU\TPU\pers\32999  |9 16844 
701 1 |a Bouchard  |b C. 
712 0 2 |a Национальный исследовательский Томский политехнический университет (ТПУ)  |b Институт кибернетики (ИК)  |b Кафедра автоматизации и роботизации в машиностроении (АРМ)  |3 (RuTPU)RU\TPU\col\18704 
801 2 |a RU  |b 63413507  |c 20210120  |g RCR 
856 4 |u http://earchive.tpu.ru/handle/11683/22075 
856 4 |u http://www.lib.tpu.ru/fulltext/c/2015/C01/V2/070.pdf 
942 |c BK